01011naa a22001937i 45000010005000000030009000050050017000140080041000310400016000721000116000882450159002046500017003637000118003807000117004987000120006157730054007359420013007899990015008029098KOSZ 00520180426084404.0160308s2012 pl |||f| ||||0|| 0 pol d cKOSZ 005/ac1 aKACALAK, Wojciech.d1996 - .bPolitechnika Koszalińska - Wydział Mechaniczny,cKatedra Mechaniki Precyzyjnej10aModelowanie, diagnostyka i optymalizacja procesów obróbki ściernej /cWojciech Kacalak, Dariusz Lipiński, Błażej Bałasz, Tomasz Królikowski. 0aDiagnostyka.1 aLIPIŃSKI, Dariusz.d1999 - .bPolitechnika Koszalińska - Wydział Mechaniczny,cKatedra Mechaniki Precyzyjnej1 aBAŁASZ, Błażej.d1996 - .bPolitechnika Koszalińska - Wydział Mechaniczny,cKatedra Mechaniki Precyzyjnej1 aKRÓLIKOWSKI, Tomasz.d1997 - .bPolitechnika Koszalińska - Wydział Mechaniczny,cKatedra Mechaniki Precyzyjnej0 iW :tMonografie IT PNiEM. -g2012, nr 1, s. 25-39 cROZ2UKD c9098d9098